000 00304nam a2200133Ia 4500
008 231129s1971||||xx |||||||||||||| ||spa||
040 _bspa
082 _aF843 S133
100 _aSaint-Exupery Antoine de
245 0 _aUn sentido de la vida
260 _c1971
264 _aTroquel
942 _2ddc
_cBKS
999 _c25903
_d25903